000 01277naa a22002657a 4500
001 BR9212516
003 BR-BrBNA
005 20240918181649.0
007 ta
008 230509b bl.||||| |||| 00| 0 por d
040 _aBR-BrBNA
_bpor
_cBiblioteca Nacional de Agricultura
041 _a(Pt)
072 _aH01
090 _aH01 BR9212516
100 1 _aMatuo, T.
111 1 _a1. Simposio Brasileiro sobre Tecnologia de Aplicacao de Defensivos Agricolas: Eficiencia, Economia e Preservacao da Saude Humana e do Ambiente
_cJaboticabal, SP (Brazil)
_d28-30 May 1985
245 1 _aEnfoque multidisciplinar da tecnologia de aplicacao de defensivos agricolas
260 3 _aJaboticabal, SP (Brasil):
_c1987.
500 _aAnais do 1. Simposio Brasileiro sobre Tecnologia de Aplicacao de Defensivos Agricolas: Eficiencia, Economia e Preservacao da Saude Humana e do Ambiente Jaboticabal, SP (Brasil): 1987. p. 3-11 (BR9212516-AM)H01
650 _aDefensivo
650 _aPulverizacao
773 0 _tAnais do 1. Simposio Brasileiro sobre Tecnologia de Aplicacao de Defensivos Agricolas: Eficiencia, Economia e Preservacao da Saude Humana e do Ambiente
_wH01 BR9212516
_gJaboticabal, SP (Brasil), 1987. p. 3-11
909 _a202404
_bLucia
_c55
_dLucia Elande
942 _cAM
_2AGRIS
999 _c326289
_d326289